000 00839nmm a2200265 a 4500
001 ocm000884604
003 TR-IsHL
005 20201028144303.0
008 141121s1999 tu tur
007 cr cn
020 _a9789757814900
035 _a884604
_b(N$T)
050 0 4 _aPL248.K37333
_bK8 1999
090 0 4 _aPL248.K37333
_bK8 1999
100 1 _aKaradayı, İsmet Kemal
245 1 0 _aKurtkapanı şiirleri: mağma
_h[electronic resource] /
_cİsmet Kemal Karadayı
260 _aİstanbul :
_bPencere Yayınları,
_c1999
300 _a97 p.
650 4 _aDil ve Edebiyat
650 4 _aLanguage and Literature
650 0 _aTurkish poetry
650 0 _aTürk şiiri
650 7 _aPOETRY / Middle Eastern
_2bisacsh
856 4 0 _uhttp://search.ebscohost.com/login.aspx?direct=true&scope=site&db=e011xww&AN=884604
999 _c9346
_d9346